| 000 | 00645nam a22002177a 4500 | ||
|---|---|---|---|
| 003 | OSt | ||
| 005 | 20170131143535.0 | ||
| 008 | 170131b xxu||||| |||| 00| 0 eng d | ||
| 020 | _a9781550093377 | ||
| 020 | _a1550093371 | ||
| 040 | _cDMLN | ||
| 082 | _aWV100 S61b 2009 | ||
| 100 |
_aSnow, James B.; Wackym, P. Ashley _911477 |
||
| 245 | _aBallenger's Otorhinolaryngology 17 Head and Neck Surgery | ||
| 260 | _aNew York; People's Medical Publishing, 2009 | ||
| 300 | _axxxv,1209p; col.ill: 30cm | ||
| 504 | _aReferences, & index included | ||
| 650 |
_a Otorhinolaryngology _94015 |
||
| 650 |
_aHead & Neck _911476 |
||
| 942 |
_2z _cO_SHELF |
||
| 999 |
_c5500 _d5500 |
||